export_success — 

The Notebook of Kamāl Al-Dīn the Weaver : Aleppine Notes from the End of the 16th Century.

Bibliotheca Islamica (BI) is the Orient-Institut Beirut's platform for the critical edition of mainly Arabic texts. The series dates back to 1929, when Hellmut Ritter edited the Kitāb Maqālat al-islamīyīn wa-ḫtilāf al-muṣallīn of Abū l-Ḥasan ʿAlī al-Asʿarī, a seminal text on dogmatic positions...

Full description

Bibliographic Details
Main Author: Liebrenz, Boris.
Other Authors: Richardson, Kristina L.
Format: eBook
Language:Arabic
Published: Berlin/Boston : Walter de Gruyter GmbH, 2021.
Edition:1st ed.
Series:Bibliotheca Islamica Series
Subjects:
Online Access:Click to View
LEADER 01975nam a22003733i 4500
001 EBC7177171
003 MiAaPQ
005 20231204023228.0
006 m o d |
007 cr cnu||||||||
008 231204s2021 xx o ||||0 ara d
020 |a 9783110688924  |q (electronic bk.) 
035 |a (MiAaPQ)EBC7177171 
035 |a (Au-PeEL)EBL7177171 
040 |a MiAaPQ  |b eng  |e rda  |e pn  |c MiAaPQ  |d MiAaPQ 
100 1 |a Liebrenz, Boris. 
245 1 4 |a The Notebook of Kamāl Al-Dīn the Weaver :  |b Aleppine Notes from the End of the 16th Century. 
250 |a 1st ed. 
264 1 |a Berlin/Boston :  |b Walter de Gruyter GmbH,  |c 2021. 
264 4 |c ©2022. 
300 |a 1 online resource (240 pages) 
336 |a text  |b txt  |2 rdacontent 
337 |a computer  |b c  |2 rdamedia 
338 |a online resource  |b cr  |2 rdacarrier 
490 1 |a Bibliotheca Islamica Series ;  |v v.59 
520 |a Bibliotheca Islamica (BI) is the Orient-Institut Beirut's platform for the critical edition of mainly Arabic texts. The series dates back to 1929, when Hellmut Ritter edited the Kitāb Maqālat al-islamīyīn wa-ḫtilāf al-muṣallīn of Abū l-Ḥasan ʿAlī al-Asʿarī, a seminal text on dogmatic positions in the early Islamic period. Since then, the OIB has published more than fifty titles in this series. 
588 |a Description based on publisher supplied metadata and other sources. 
590 |a Electronic reproduction. Ann Arbor, Michigan : ProQuest Ebook Central, 2023. Available via World Wide Web. Access may be limited to ProQuest Ebook Central affiliated libraries.  
655 4 |a Electronic books. 
700 1 |a Richardson, Kristina L. 
776 0 8 |i Print version:  |a Liebrenz, Boris  |t The Notebook of Kamāl Al-Dīn the Weaver  |d Berlin/Boston : Walter de Gruyter GmbH,c2021 
797 2 |a ProQuest (Firm) 
830 0 |a Bibliotheca Islamica Series 
856 4 0 |u https://ebookcentral.proquest.com/lib/matrademy/detail.action?docID=7177171  |z Click to View